Statistiques concernant Quiz HGGSP (3)

Cliquez ici pour prendre le quiz!

Statistiques générales

  • Ce quiz a été pris 183 fois
    (182 depuis la dernière actualisation)
  • Le résultat moyen est 10 sur 20

Statistiques - réponses

QuestionRéponse% Correct
Dans quel pays se trouve les villes de Hiroshima et Nagasaki?Japon
97%
Quel est la capitale de la GrèceAthénes
91%
Où se situe Tchernobyl?Ukraine
88%
Qui a peint la Joconde ?De Vinci
78%
L'ile de la Réunion est-elle un DROM ou un COMDROM
76%
Chute de L'URSS1991
71%
Dans quel pays le Lesotho est t'il enclavé?Afrique du Sud
71%
Que veut dire ZEEZone Economique Exclusive
62%
Qui était Jules CésarEmpereur Romain
56%
Quel roi français a vécu le plus longtempsLouis XIV
50%
En quelle année est mort Staline1953
49%
Quel est le premier pays champion du monde de footballUruguay
46%
En quelle année est mort Gandhi1948
42%
Indépendance des Etats-Unis1776
38%
Quel pays a pour capitale OuagadougouBurkina Faso
37%
Date du traité de l'espace1967
36%
Guerre d'Indochine1946-1954
11%
Qui était le médecin de Auschwitz avec comme surnom "L'ange de La mort"Josef Mengele
10%
Création du Canal de Suez1869
7%
Année de l'indépendance du Brésil1822
3%

Distribution des résultats

Percentile par nombre de réponses

% des personnes avec chaque résultat

Votre développement - résultats

Vous n’avez pas pris ce quiz depuis la dernière actualisation